Central Library OPAC University of Rajshahi

Pakistan directory of trade chambers and associations / (Record no. 33054)

MARC details
000 -LEADER
fixed length control field 00743nas a2200241u 4500
001 - CONTROL NUMBER
control field 33054
003 - CONTROL NUMBER IDENTIFIER
rucl marc code BD-RjUL
005 - DATE AND TIME OF LATEST TRANSACTION
control field 20211209051934.0
008 - FIXED-LENGTH DATA ELEMENTS--GENERAL INFORMATION
fixed length control field 140429s190? pk u 0 10 0eng
035 ## - SYSTEM CONTROL NUMBER
System control number (BD-RjUL)33144
040 ## - CATALOGING SOURCE
Original cataloging agency DLC
Transcribing agency CarP
Modifying agency DLC
-- BD-RjUL
Language of cataloging eng
041 ## - LANGUAGE CODE
Language code of text/sound track or separate title eng
082 ## - DEWEY DECIMAL CLASSIFICATION NUMBER
Classification number 061.48
Author mark and year PAK V-1 [190?]
245 00 - TITLE STATEMENT
Title Pakistan directory of trade chambers and associations /
Number of part/section of a work Volume i
260 ## - PUBLICATION, DISTRIBUTION, ETC. (IMPRINT)
Place of publication, distribution, etc. Karachi :
Name of publisher, distributor, etc. Trade Promotion Directories,
Date of publication, distribution, etc. [190?].
300 ## - PHYSICAL DESCRIPTION
Pagination vi, 196 p. ;
Size 26 cm.
504 ## - BIBLIOGRAPHY, ETC. NOTE
Bibliography, etc Includes Index.
650 #0 - SUBJECT ADDED ENTRY--TOPICAL TERM
Topical term or geographic name as entry element Commercial associations
Geographic subdivision Pakistan
Form subdivision Directories.
9 (RLIN) 100443
Topical term or geographic name as entry element Boards of trade
Geographic subdivision Pakistan
Form subdivision Directories.
9 (RLIN) 100442
942 ## - ADDED ENTRY ELEMENTS (KOHA)
Source of classification or shelving scheme Dewey Decimal Classification
Koha item type Books
Holdings
Lost status Source of classification or shelving scheme Damaged status Not for loan Collection code Permanent Location Current Location Shelving location Date acquired Source of acquisition Cost, normal purchase price Total Checkouts Full call number Date last seen Copy number Koha item type
  Dewey Decimal Classification   Not For Loan Non-fiction Central Library, University of Rajshahi Central Library, University of Rajshahi Reading Room 13/06/1970 Royal Book 20.00   061.48 PAK V-1 [190?] 29/04/2014 C-1 Books